Statistics for Least Irish U.S. States

Click here to take the quiz!

General Stats

  • This quiz has been taken 7,432 times
  • The average score is 7 of 10

Answer Stats

% State % Correct
5.80Texas
88%
5.28New Mexico
84%
3.98Hawaii
82%
5.73California
77%
7.69Alabama
74%
6.47Mississippi
71%
6.13Louisiana
69%
5.66Utah
68%
6.74Georgia
66%
7.75North Dakota
48%

Score Distribution

Percentile by Number Answered

Percent of People with Each Score

Your Score History

You have not taken this quiz